| 000 | 02618nam a2200361 a 4500 | ||
|---|---|---|---|
| 003 | CHAP | ||
| 005 | 20250203122202.0 | ||
| 007 | ta | ||
| 008 | 241206t2006 wauabd|fr|||| 001 0 eng d | ||
| 020 |
_a978-1-55963-885-2 _q(libro de bolsillo, papel alcalino) |
||
| 040 |
_aZ _cCHAP _erda |
||
| 041 | 0 |
_bInglés _fInglés |
|
| 082 | 0 | 0 |
_a633.202 _bB88 2006 _220 |
| 100 | 1 |
_aButterfield, Jody _9189199 _eautor |
|
| 245 | 1 | 0 |
_aHolistic management handbook : _bhealthy land, healthy profits / _cJody Butterfield, Sam Bingham, and Allan Savory |
| 264 | 1 |
_aWashington, D.C. : _bIsland Press, _c©2006 |
|
| 300 |
_axxi, 248 páginas : _bilustraciones, mapas, gráficas, tablas |
||
| 336 |
_2rdacontent _atexto _btxt |
||
| 337 |
_2rdamedia _asin medio _bn |
||
| 338 |
_2rdacarrier _avolumen _bnc |
||
| 500 | _aej.1: Consumo | ||
| 500 | _aEdición revisada de: Holistic resource management workbook / Sam Bingham with Allan Savory. 1990. | ||
| 505 | 0 | _aList of figures -- List of boxes -- Foreword -- Preface -- Acknowledgments -- Part I: Holistic management financial planning: making a healthy profit -- Part II: Holistic management grazing planning: Getting animals to the right reasons -- Part III: Holistic management biological nonitorin to make what you want happen -- Part IV: Holistic management land planning: designing the ideal layout of your infrastructure. | |
| 520 | _aHolistic management, as described by Allan Savory in the books Holistic Resource Management (Island Press, 1988) and the revised edition, Holistic Management (Island Press, 2001), has been practiced by thousands of people around the world to profitably restore and promote the health of their land through practices that mimic nature, and by many others who have sought a more rewarding personal or family life. Holistic Management Handbook offers a detailed explanation of the planning procedures presented in those books and gives step-by-step guidance for implementing holistic management on a ranch or farm. Holistic Management Handbook are essential reading for anyone involved with land management and stewardship, and together represent an indispensable guide for individuals interested in making better decisions within their organizations or in any aspect of their personal or professional lives. | ||
| 534 | _pTítulo original: | ||
| 650 | 1 | 3 |
_aManejo de pastizal _9145355 |
| 650 | 1 | 3 |
_aTierras de pasto _9189661 |
| 650 | 1 | 3 |
_aEfectos del pastoreo _9190035 |
| 650 | 1 | 3 |
_aRestauración de los pastizales _9189662 |
| 700 | 1 |
_aBingham, Sam _9189806 _eautor |
|
| 700 | 1 |
_aSavory, Allan _9189197 _eautor |
|
| 942 |
_2ddc _cLIBRO |
||
| 999 |
_c220310 _d220310 |
||